[Event "Santos op"]
[Site "Santos"]
[Date "2008.05.16"]
[Round "2"]
[White "Conti, Bruno Henrique"]
[Black "Arahjo, Rafael Moreira"]
[Result "1-0"]
[WhiteElo "1979"]
[BlackElo "2210"]
[PlyCount "149"]
[EventDate "2008.05.16"]
[EventType "swiss"]
[EventRounds "9"]
[EventCountry "BRA"]
[SourceTitle "CBM 124 Extra"]
[Source "ChessBase"]
[SourceDate "2008.07.03"]
[SourceVersion "1"]
[SourceVersionDate "2008.07.03"]
[SourceQuality "1"]

1. d4 f5 2. c4 Nf6 3. Nc3 e6 4. g3 Bb4 5. Bg2 0-0 6. Bd2 c5 7. a3 cxd4 8. axb4 dxc3 9. Bxc3 d5 10. cxd5 Nxd5 11. Qb3 Nxc3 12. bxc3 Kh8 13. Nf3 Qf6 14. Nd4 e5 15. Nb5 Qb6 16. Qd5 Nc6 17. Nd6 Qc7 18. 0-0 Qe7 19. Rfd1 e4 20. f3 Be6 21. Qc5 Bb3 22. Rdb1 Bg8 23. fxe4 f4 24. Nf5 Qf6 25. gxf4 b6 26. Qe3 Rac8 27. Rf1 Rfd8 28. Rad1 Bb3 29. Rxd8+ Rxd8 30. Ng3 Ba4 31. e5 Qe6 32. Ne4 h6 33. Bh3 Qb3 34. Nd6 Nxb4 35. Qe4 Nc6 36. Rb1 Qa2 37. Bf5 Ne7 38. Rb4 Bc6 39. Qc2 Qg8 40. Be4 Nd5 41. Rd4 Rd7 42. Qd2 Ne7 43. Bb1 Qe6 44. f5 Qb3 45. Ba2 Qa3 46. Be6 Qa1+ 47. Qd1 Qxc3 48. Bxd7 Qe3+ 49. Kf1 Bxd7 50. Nf7+ Kg8 51. Rxd7 Qf4+ 52. Ke1 Qh4+ 53. Kd2 Kxf7 54. Qb3+ Ke8 55. Rxa7 Qd4+ 56. Kc2 Qe4+ 57. Kc1 Qf4+ 58. e3 Qxf5 59. Ra8+ Kd7 60. Qb5+ Ke6 61. Qxb6+ Kf7 62. Qb3+ Kg6 63. Re8 Qxe5 64. Qd3+ Kf7 65. Rd8 Qa1+ 66. Kd2 Qb2+ 67. Ke1 Qa1+ 68. Kf2 Qb2+ 69. Kg3 Qe5+ 70. Kg2 Qg5+ 71. Kh1 Qf6 72. Qc4+ Kg6 73. Qe4+ Nf5 74. Rd5 Qg5 75. Qf3 1-0